000 00446nam a2200145Ia 4500
008 210210b1988 xxu||||| |||| 00| 0 eng d
020 _a0 7069 3819 4
082 _a954.01 SAHA
100 _aSAHA (B P) and BEHERA (K S).
245 _aAncient history of India (ancient period from earliest times to 1200 A.D.).
260 _aNew Delhi.
_bVikas Publishing House Pvt Ltd.,
_c1988
300 _aix,463
690 _aIndian History
906 _a045046
999 _c94648
_d94648